| Tag |
First Indicator |
Second Indicator |
Subfields |
| LEADER |
00000pam a2200000 i 4500 |
| 001 |
in00000366182 |
| 005 |
20151011074408.0 |
| 008 |
751117s1977 nyua b 00110 eng |
| 010 |
|
|
|a 75040158
|
| 020 |
|
|
|a 0385110308 :
|c $24.95
|
| 035 |
|
|
|a (OCoLC)01958355
|
| 035 |
|
|
|9 ABP4901AM
|
| 040 |
|
|
|a DLC
|c DLC
|d TXA
|d UtOrBLW
|
| 043 |
|
|
|a n-us-az
|
| 049 |
|
|
|a TXAM
|c [1397646]
|
| 050 |
0 |
0 |
|a F788
|b .G57
|
| 082 |
0 |
|
|a 917.91/3
|
| 100 |
1 |
|
|a Goldstein, Milton,
|d 1915-
|
| 245 |
1 |
4 |
|a The magnificent West, Grand Canyon /
|c by Milton Goldstein ; with 60 photos. in color.
|
| 250 |
|
|
|a 1st ed.
|
| 264 |
|
1 |
|a Garden City, N.Y. :
|b Doubleday,
|c [1977]
|
| 264 |
|
4 |
|c ©1977
|
| 300 |
|
|
|a xiii, 201 pages :
|b color illustrations ;
|c 30 cm.
|
| 336 |
|
|
|a text
|b txt
|2 rdacontent
|
| 337 |
|
|
|a unmediated
|b n
|2 rdamedia
|
| 338 |
|
|
|a volume
|b nc
|2 rdacarrier
|
| 500 |
|
|
|a Includes index.
|
| 504 |
|
|
|a Bibliography: pages 189-194.
|
| 651 |
|
0 |
|a Grand Canyon (Ariz.)
|
| 999 |
|
|
|a MARS
|
| 999 |
f |
f |
|s b6ae9731-434b-34d3-aa2c-10d25c771b44
|i 845a4868-d057-3b9f-87c9-e99316e58f26
|t 0
|
| 952 |
f |
f |
|p ric
|a Texas A&M University
|b Rellis Campus
|c Joint Library Facility
|d Remote Storage
|t 0
|e F788 .G57
|h Library of Congress classification
|i unmediated -- volume
|m A14802317484
|
| 998 |
f |
f |
|a F788 .G57
|t 0
|l Remote Storage
|